000 00280nam a22001337a 4500
041 _aENG
100 _aAggarwal .M.L
245 _aEngineering Drawing Vol 2
260 _aPune
_bDhanpat Rai & Co
_c1999
300 _a320
650 _aFMP
700 _aGarg .R.K
856 _uFMP
999 _c526
_d526